Beekeeping for dummies (Record no. 19024)

000 -LEADER
fixed length control field 01125nam a2200229Ka 4500
020 ## - INTERNATIONAL STANDARD BOOK NUMBER
ISBN 9781119975687
020 ## - INTERNATIONAL STANDARD BOOK NUMBER
ISBN 1119975689
040 ## - CATALOGING SOURCE
Transcribing agency TEFOD
082 04 - DEWEY DECIMAL CLASSIFICATION NUMBER
Classification number 638 WIL 2012 C158 Or.
100 1# - MAIN ENTRY--AUTHOR NAME
Personal name Wiscombe, David.
245 10 - TITLE STATEMENT
Title Beekeeping for dummies
250 ## - EDITION STATEMENT
Edition statement UK ed.
260 ## - PUBLICATION, DISTRIBUTION, ETC. (IMPRINT)
Place of publication Chichester :
Name of publisher Wiley,
Year of publication c2012.
300 ## - PHYSICAL DESCRIPTION
Number of Pages 1 online resource :
Other physical details ill.
490 1# - SERIES STATEMENT
Series statement --For dummies
520 ## - SUMMARY, ETC.
Summary, etc Beekeeping For Dummies is a practical, step-by-step beginner's guide to beekeeping. It gives you plain-English guidance on everything you need to know to start your own beehive, from buying the right equipment, sourcing bees, and locating your hive to maintaining a healthy colony and harvesting honey. Plus, you'll get the latest information on the causes and effects of bee disease, colony collapse disorder, and the impact the sudden disappearance of the honeybee has on our environment and economy.
650 #0 - SUBJECT ADDED ENTRY--TOPICAL TERM
Topical Term Bee culture
650 #0 - SUBJECT ADDED ENTRY--TOPICAL TERM
Topical Term Electronic books.
700 1# - ADDED ENTRY--PERSONAL NAME
Personal name Blackiston, Howland.
856 40 - ELECTRONIC LOCATION AND ACCESS
Uniform Resource Identifier http://dbooks.wplc.info/ContentDetails.htm?ID=7177A71A-3155-45B5-80C7-C711DEDF7135
942 ## - ADDED ENTRY ELEMENTS (KOHA)
Koha item type ADB
952 ## - LOCATION AND ITEM INFORMATION (KOHA)
Withdrawn status [LOCAL, KOHA] 0
Holdings
Koha item type Source of acquisition Lost status Permanent Location Current Location Date acquired Full call number
សៀវភៅភាសាអង់គ្លេសA39665 Library Block CLibrary Block C2020-03-02638 WIL 2012 C158 Or.
មជ្ឈមណ្ឌលឯការនៃសាកលវិទ្យាល័យភូមិន្ទកសិកម្មចំការដូង

Powered by Koha